STN EN 60300-3-3 01 0690 Manažérstvo spoľahlivosti. Časť 3-3: Návod na používanie. Náklady počas životnosti

Gespeichert in:
Bibliographische Detailangaben
Format: Buch
Sprache:Slowakisch
Englisch
Veröffentlicht: Bratislava Slovenský ústav technickej normalizácie 2005
Schlagworte:
Tags: Tag hinzufügen
Keine Tags, Fügen Sie das erste Tag hinzu!

MARC

LEADER 00000nam a2200000 4500
001 0122088
005 20240104134547.6
020 |a 2-8318-7539-0 
041 0 |a slo 
041 0 |a eng 
044 |a SK 
245 1 0 |a STN EN 60300-3-3 01 0690 Manažérstvo spoľahlivosti. Časť 3-3: Návod na používanie. Náklady počas životnosti 
264 1 |a Bratislava  |b Slovenský ústav technickej normalizácie  |c 2005 
300 |a 59 s. 
500 |a Európska norma EN (IEC, ISO) bola schválená na priame používanie ako STN a bola oznámená vo Vestníku ÚNMS SR č. 01/05 
500 |a Obsahuje EN 60300-3-3:2004, IEC 60300-3-3:2004 
610 2 0 |a normy 
610 2 0 |a normy ISO 
610 2 0 |a manažment 
610 2 0 |a náklady 
610 2 0 |a inflácia 
610 2 0 |a dane